Manuelita ¿dónde vas? / (Registro nro. 1530)

000 -CABECERA
campo de control de longitud fija 01608nam a2200349 a 4500
001 - NÚMERO DE CONTROL
campo de control 000027528
005 - FECHA Y HORA DE LA ÚLTIMA TRANSACCIÓN
campo de control 20200120222128.0
008 - DATOS DE LONGITUD FIJA--INFORMACIÓN GENERAL
campo de control de longitud fija 060131s2000 espa gr0 000 d
020 ## - NÚMERO INTERNACIONAL ESTÁNDAR DEL LIBRO
Número Internacional Estándar del Libro 9505116314.
090 ## - LOCALMENTE ASIGNADO TIPO-LC NÚMERO DE CLASIFICACIÓN (OCLC); NÚMERO DE CLASIFICACIÓN LOCAL (RLIN)
Número de clasificación (OCLC) (R) ; Numero de clasificación, CALL (RLIN) (NR) C
Número cutter local (OCLC) ; Número de libro/Signatura topográfica íntegra, CALL (RLIN) WALm
100 0# - ENTRADA PRINCIPAL--NOMBRE DE PERSONA
Nombre de persona Walsh, María Elena,
Fechas asociadas al nombre 1930-2011.
245 10 - MENCIÓN DE TÍTULO
Título Manuelita ¿dónde vas? /
Mención de responsabilidad, etc. María Elena Walsh ; ilustraciones : Lancman Ink ; edición : María Fernanda Maquieira.
250 ## - MENCIÓN DE EDICIÓN
Mención de edición 1a. ed.
260 ## - PUBLICACIÓN, DISTRIBUCIÓN, ETC.
Lugar de publicación, distribución, etc. Bogotá :
Nombre del editor, distribuidor, etc. Alfaguara,
Fecha de publicación, distribución, etc. 2000.
300 ## - DESCRIPCIÓN FÍSICA
Extensión 134 p. :
Otras características físicas il.
490 #0 - MENCIÓN DE SERIE
Mención de serie Alfaguara infantil
500 ## - NOTA GENERAL
Nota general Incluye información biográfica de la autora al final del texto.
500 ## - NOTA GENERAL
Nota general Audiencia : Desde 10 años.
500 ## - NOTA GENERAL
Nota general Incluye índice al final del texto.
500 ## - NOTA GENERAL
Nota general Ej. 1 de Biblioteca Norte : Con ISBN : 9789587045222. ; Ej. 1 de Biblioparque : 5a. reim. 2011 con ISBN : 9789587045222.
500 ## - NOTA GENERAL
Nota general Ej.1 de Mosquera donado por la Biblioteca Nacional - PNLB 2012.
520 3# - SUMARIO, ETC.
Sumario, etc. "Tanto alboroto se armó en el patio de la casa de la tortuga Manuelita, que se despertó. Y como no pudo volver a dormirse, decidió salir a recorrer el mundo. En este libro se encierran las insólitas historias que fue juntando la famosa tortuga a lo largo de su travesía por diversos países."
650 14 - PUNTO DE ACCESO ADICIONAL DE MATERIA--TÉRMINO DE MATERIA
Término de materia o nombre geográfico como elemento de entrada Cuento infantil.
650 24 - PUNTO DE ACCESO ADICIONAL DE MATERIA--TÉRMINO DE MATERIA
Término de materia o nombre geográfico como elemento de entrada Literatura infantil.
650 24 - PUNTO DE ACCESO ADICIONAL DE MATERIA--TÉRMINO DE MATERIA
Término de materia o nombre geográfico como elemento de entrada Literatura argentina.
650 24 - PUNTO DE ACCESO ADICIONAL DE MATERIA--TÉRMINO DE MATERIA
Término de materia o nombre geográfico como elemento de entrada Animales en la literatura.
650 24 - PUNTO DE ACCESO ADICIONAL DE MATERIA--TÉRMINO DE MATERIA
Término de materia o nombre geográfico como elemento de entrada Tortugas en la literatura.
650 24 - PUNTO DE ACCESO ADICIONAL DE MATERIA--TÉRMINO DE MATERIA
Término de materia o nombre geográfico como elemento de entrada Aventuras en la literatura.
700 1# - PUNTO DE ACCESO ADICIONAL--NOMBRE DE PERSONA
Nombre de persona Ink, Lancman,
Término indicativo de función/relación il.
700 1# - PUNTO DE ACCESO ADICIONAL--NOMBRE DE PERSONA
Nombre de persona Maquieira, María Fernanda,
Término indicativo de función/relación ed.
901 ## - ELEMENTOS DE DATOS A LOCAL LDA (RLIN)
a Compra, Alfagura, 2005, $ 19.900.00.
Existencias
Estado de retiro Estado de pérdida Fuente del sistema de clasificación o colocación Estado dañado No para préstamo Código de colección Localización permanente Ubicación/localización actual Fecha de adquisición Número de inventario Total de préstamos Signatura topográfica completa Código de barras Fecha visto por última vez Fecha del último préstamo Número de copia Precio válido a partir de Tipo de ítem Koha Nota pública
          Literatura Infantil Biblioteca Pública San Juan Bosco Biblioteca Pública San Juan Bosco 20/01/2020 111402 1 C WALm MOS001921 23/10/2023 21/09/2023 ej.1 20/01/2020 Libro Literatura Quince días

© Todos los derechos reservados para la Biblioteca Pública Municipal San Juan Bosco, 2020
Secretaria de Cultura de Mosquera
Carrera 3 N° 10 Esquina Centro Cultural Barrio El Carmén Teléfono: 8270830 Ext: 34
Funcionando con KOHA
Contacto: Biblioteca Pública Municipal San Juan Bosco/ bibliotecasanjuanbosco@mosquera-cundinamarca.gov.co
Mosquera, Cundinamarca